000 00306pab a2200133 454500
008 180718b1986 xxu||||| |||| 00| 0 eng d
245 _aHousing finance
_bAn urban Priority
260 _c1986
300 _a1-3,6
362 _aOct.
650 _aHousing - Finance
773 _aUrban -Finance
909 _a9879
999 _c9879
_d9879